| 000 | 00867nam a2200265 a 4500 | ||
|---|---|---|---|
| 999 |
_c2771 _d2771 |
||
| 006 | a||||go||d| 00| 0 | ||
| 007 | cr ||||||||||| | ||
| 008 | 861201s1993 enka o 001 0 eng d | ||
| 020 |
_a9780126930108 _c(ebook) |
||
| 040 |
_aKO _beng |
||
| 044 | _aenk | ||
| 082 | 0 | 0 |
_a589.4 _220 |
| 245 | 0 | 0 |
_aMarine phytoplankton : _ba guide to naked flagellates and coccolithophorids / _cedited by Carmelo R. Jomas |
| 260 |
_aLondon : _bAcademic Press, _cc1993. |
||
| 300 | _a1 online resource | ||
| 504 | _aIncludes bibliographical references and index. | ||
| 650 | 0 |
_aMarine phytoplankton _xIdentification. |
|
| 650 | 0 |
_aPhytoflagellates _xIdentification. |
|
| 650 | 0 |
_aCoccolithophores _xIdentification. |
|
| 700 | 1 |
_aJomas, Carmelo R. _eedt |
|
| 856 | 4 | 0 | _uhttps://www.sciencedirect.com/science/book/9780126930108 |
| 904 | _aA_BOSE | ||
| 942 | _cEB | ||